000 00488nam a2200157 a 4500
005 20140310183152.0
008 021015s19uu xx 00 eng d
050 _aQA 39
_b.M426 2002
245 _aMathematics of investments /
_cThe Committe dept. of business mathamatics and statistics.
260 _aPhilippine :
_bREX Bookstore Inc.,
_c2002.
521 _aBSBA
650 _aMathematics
_xproblems, exercises, etc.
650 _aInvestments
942 _cBK
_2lcc
_kLOC
999 _c19668
_d19668